[Event "Candidates Tournament"]
[Site "Moscow"]
[Date "2016.03.25"]
[Round "12"]
[White "Nakamura, Hikaru"]
[Black "Anand, Viswanathan"]
[Result "1-0"]
[WhiteElo "2790"]
[BlackElo "2762"]
[Annotator "Marin,M"]
[PlyCount "51"]
[EventDate "2016.03.11"]
[EventType "tourn"]
[EventRounds "14"]
[EventCountry "RUS"]
[EventCategory "22"]
[SourceTitle "CBM 172"]
[Source "ChessBase"]
[SourceDate "2016.05.12"]
[SourceVersion "1"]
[SourceVersionDate "2016.05.12"]
[SourceQuality "1"]

1. c4 e5 2. Nc3 Nf6 3. Nf3 Nc6 4. g3 Bb4 5. Nd5 e4 {This provocative move is a
worthy alternative to the more restrained:} (5... Bc5 6. Bg2 O-O 7. O-O d6 8.
d3) 6. Nh4 O-O 7. Bg2 d6 {This usually is a disclosure of Black's intentions
to trap the h4 knight, something I have evaluated as risky in my English
trilogy.} ({The classical main line goes} 7... Bc5) 8. a3 $5 $146 {This
novelty had devastating effects in this game, but its objective merits are far
from clear yet. Mor practice is needed.} ({My book line goes} 8. O-O g5 9. d4
h6 (9... gxh4 $2 10. Bg5 $18) (9... Ne8 $6 10. Nxb4 Nxb4 11. Qd2 $16) (9...
Nxd5 $6 10. cxd5 Nb8 11. Qa4 $16) {McNab,C (2410)-Haik,A (2370) Metz 1988 (0-1,
25)} 10. Nxb4 $146 Nxb4 11. f3 $1 $36 {At the time when I analysed this
position the engines evaluated it as slightly preferable for Black. In fact,
White has a very dangerous initiative for the inevitably lost piece, given
that the black knights do not have good squares, the black king is weak and
the c1-bishop is unchallenged on the dark squares. I provided many
illustrative lines, managing to more or less moderate the engines' initial
optimism and I thought that the next computer generations would see it more
clearly. But now that I checked it again after 5 years, the evaluation remains
the same. The only thing I can say is that I would always choose to play on
the White side.}) 8... Bc5 9. O-O Re8 ({One of the ideas behind Nakamura's
novelty is that after} 9... g5 $2 10. d4 $1 $16 {[%csl Gc5,Gg5] the bishop is
attacked. Anand's move is natural, but not the only reasonable one.}) ({
It appears that the e4-pawn does not need defending yet, as after} 9... Bg4 10.
Nxf6+ Qxf6 11. Bxe4 Rae8 12. Bf3 Bh3 13. Bg2 (13. Ng2 Nd4) 13... Bg4 $11 {
White does not have anything better than agreeing to a draw by repetition:} 14.
Nf3 $2 Nd4 15. Nxd4 Bxd4 16. Bf3 Bxf3 17. exf3 Re6 $36) (9... Nxd5 $6 {leads
to a typical English structure with a passive black dark-squared bishop.} 10.
cxd5 Nd4 11. e3 (11. Bxe4 Bg4 $36 12. Re1 $6 f5) 11... Nf5 12. Nxf5 Bxf5 13.
Qc2 Re8 14. f3 $14 {[%csl Gc5]}) 10. e3 $3 {[%cal Gf2f3,Gb2b4,Gc1b2] A typical
move, restricting the c5-bishop and preparing f2-f3. But the exclamation marks
are for ignoring the threat against the knight on the edge.} (10. b4 Bd4 11.
Rb1 Ne7 12. e3 Nexd5 13. exd4 Ne7 14. d3 Nf5 15. Nxf5 Bxf5 $11) 10... g5 $6 {
Playing with fire.} ({It was not too late to return to normal development:} 
10... Be6 11. d4 exd3 12. b4 Bb6 13. Bb2 Bxd5 14. cxd5 Ne5 {In principle the
structure favours White, but retrieving the d3-pawn will require making some
concession.}) 11. b4 Bb6 $6 ({Having started to go down one route, Black
should have continued:} 11... gxh4 12. Bb2 $5 Nxd5 13. cxd5 Ne5 14. bxc5 Bg4
15. Qb3 Nf3+ 16. Bxf3 Bxf3 {Optically, the position is not entirely clear but
after} 17. cxd6 cxd6 18. h3 {[%csl Gg8][%cal Gg1h2,Gb2h8] it appears that only
Black's king is in some danger while White's is relatively safe.}) 12. Bb2 $16
{Forcing the next exchange.} Nxd5 13. cxd5 Nd4 $5 {Neither better nor worse
than any other knight move, but the most spectacular of them.} (13... Ne5 14.
f4 Nc4 15. fxg5 Nxb2 16. Qh5 $40 Qd7 (16... Qe7 17. Bxe4) 17. Bh3 Qe7 18. Nf5 {
[%csl Rf7][%cal Gf5h6]} Bxf5 19. Bxf5 f6 20. gxf6 Qf7 21. Bxh7+ Qxh7 22. f7+) (
13... Ne7 14. Bf6 gxh4 15. Qh5 $18) (13... Nb8 14. Qh5 gxh4 15. Qh6 f6 (15...
Re5 16. Bxe4 $1 f5 17. f4 $1 $18) 16. Bxf6 Qd7 17. Qg5+ Kf8 18. f3 $18) 14. d3
$1 {Dotting the i and crossing the t. White intends to open the d-file in
order to capture the self-trapped knight quite comfortably.} (14. exd4 gxh4)
14... gxh4 (14... exd3 15. Qxd3 Qf6 16. Rfd1 gxh4 17. Bxd4 Qg6 18. Rac1 $16 {
[%csl Gc7,Gg8]}) 15. dxe4 Ne6 (15... Nb5 16. a4 $16) 16. dxe6 Rxe6 ({The
developing} 16... Bxe6 {leaves the king helpless after} 17. Qh5 {[%cal Gh5h6]}
Rf8 (17... f6 18. Qxh4) 18. gxh4 $18 {[%cal Gg1h1,Gf1g1]}) 17. e5 {The game is
basically over. White has a huge advance in development and the black king is
desperately weak. In the next sequence almost any reasonable white move wins.}
hxg3 18. hxg3 Qg5 19. exd6 Rxd6 20. Qb3 h5 (20... c6 {[%cal Gc8g4]} 21. Qc3 f6
22. Rad1 Rxd1 23. Rxd1 Bg4 24. Rd6 $18) 21. Rad1 Rh6 {Black will not be in
time to launch his desired attack with ...h5-h4.} 22. Rd5 Qe7 23. Qc4 Bg4 24.
Qf4 Rg6 25. Re5 Qd6 26. Be4 1-0

[Event "Candidates Tournament"]
[Site "Moscow"]
[Date "2016.03.27"]
[Round "13"]
[White "Topalov, Veselin"]
[Black "Nakamura, Hikaru"]
[Result "0-1"]
[WhiteElo "2780"]
[BlackElo "2790"]
[Annotator "Sagar Shah/CB Website"]
[PlyCount "80"]
[EventDate "2016.03.11"]
[EventType "tourn"]
[EventRounds "14"]
[EventCountry "RUS"]
[EventCategory "22"]
[SourceTitle "CBM 172"]
[Source "ChessBase"]
[SourceDate "2016.05.12"]
[SourceVersion "1"]
[SourceVersionDate "2016.05.12"]
[SourceQuality "1"]

1. d4 Nf6 2. c4 e6 3. Nf3 d5 4. Nc3 Be7 5. Bf4 O-O 6. a3 {The idea of playing
a3 before e3 is to discourage the Nbd7 move. Nbd7 now can be met with Nb5.} c5
7. dxc5 Bxc5 8. e3 Nc6 9. cxd5 (9. Qc2 {is the main line of this variation.})
9... exd5 (9... Nxd5 {is played more often by Black. Play might continue
something like} 10. Nxd5 exd5 11. Bd3 {which has already been played by
Topalov against Morozevich in San Luis 2005.}) 10. b4 (10. Be2 {looks normal
but allows Black to break in the centre with} d4 11. Na4 Bb6 12. exd4 (12. Nxb6
Qxb6 $11) 12... Bxd4 {This might not be such a huge edge for White.}) 10... d4
$1 {Nakamura is extremely alert and breaks right away in the centre.} 11. exd4
Bxd4 12. Nxd4 Nxd4 13. Be3 Nf5 14. Qxd8 Rxd8 $15 {Even though White has the
bishop pair, this position is completely favourable for Black thanks to his
developmental advantage. a7-a5 break looks strong and also Be6 followed by
Rac8 is not so easy to meet.} 15. Be2 Nxe3 16. fxe3 {Hikaru sank into deep
thought as to how he should use this small advantage that he has got out of
the opening. It is definitely an edge but not so huge and hence accurate play
is of paramount importance.} Ng4 $5 17. e4 (17. Bxg4 Bxg4 {is a pretty sad
position. The bishop is definitely superior to the knight and 0-0 is met with
Rd3.} 18. O-O Rd3 $17) 17... Be6 (17... Ne3 18. Kf2 $11) 18. O-O Ne3 19. Rfc1
Rd2 20. Bf3 (20. Kf2 Nc4 21. Ke1 Rd4 $15) 20... Rad8 21. e5 b6 22. Ne4 Rb2 23.
Re1 Nc4 (23... Nc2 24. Re2 $13) (23... Rb3 $5 {renewing the threat of Nc2 is
pretty strong.} 24. Re2 g6 $17) 24. Ng5 h6 25. Nxe6 fxe6 {Once the e6 bishop
is exchanged Black doesn't really have so much of an edge.} 26. Rac1 Rd4 27. h3
b5 28. Rc3 Rdd2 29. a4 a6 30. Bb7 Nb6 31. axb5 axb5 32. Be4 Nc4 33. Rg3 Re2 $15
34. Ra1 $2 (34. Rxe2 Rxe2 35. Bc6 Rxe5 36. Rc3 {Black has better defensive
chances here.}) 34... Nxe5 35. Ra8+ Kf7 36. Bh7 g5 37. Bg8+ Kf6 38. Rf8+ Kg7
39. Re8 Ng6 40. Bxe6 Nf4 {The bad tournament for Veselin continues.} 0-1

[Event "Bilbao Masters 9th"]
[Site "Bilbao"]
[Date "2016.07.13"]
[Round "1"]
[White "Carlsen, Magnus"]
[Black "Nakamura, Hikaru"]
[Result "0-1"]
[WhiteElo "2855"]
[BlackElo "2787"]
[Annotator "CB"]
[PlyCount "100"]
[EventDate "2016.07.13"]
[EventType "tourn"]
[EventRounds "10"]
[EventCountry "ESP"]
[EventCategory "22"]
[SourceTitle "CBM 174"]
[Source "ChessBase"]
[SourceDate "2016.09.13"]
[SourceVersion "1"]
[SourceVersionDate "2016.09.13"]
[SourceQuality "1"]

1. e4 c5 2. Ne2 {Schränkt die schwarze Auswahl etwas ein. Je nachdem, was
Schwarz im zweiten Zug zieht, könnte Weiß auf d4 verzichten.} d6 3. Nbc3 a6 {
Das deutet darufhin, dass Schwarz die Najdorf-Variante spielen will.} 4. g3 g6
5. Bg2 Bg7 6. d4 cxd4 7. Nxd4 Nf6 8. O-O O-O {Nun ist eine Position des
Fianchetto-Systems der Drachenvariante auf dem Brett.} 9. b3 ({Alternativen:} 
9. h3) (9. a4) 9... Nc6 10. Nxc6 (10. Nde2 Bg4 11. Bb2 Qc8 12. Qd2 Bh3 13. f3
Bxg2 14. Kxg2 b5 {1-0 (60) Bykova,E-Rudenko,L Frauen-WM, Leningrad 1953}) 10...
bxc6 11. Bb2 Qa5 12. Na4 Bg4 13. Qe1 {Damentausch?} Qh5 14. f3 Bh3 15. g4 $5 (
15. Rd1) (15. c4) 15... Qh6 16. Rd1 $14 g5 17. Bc1 Bxg2 18. Kxg2 Qg6 19. h4 (
19. Nb6 $5 Rab8 20. Nc4 h5 21. h3 $14) 19... gxh4 20. Qxh4 d5 {[#]} 21. g5 $2 {
Zu impulsiv. Nun gerät Weiß in Nachteil.} (21. exd5 cxd5 (21... Qxc2+ 22. Rd2
Qg6 23. dxc6 Rac8 $11) 22. Qg5 Qxc2+ 23. Rd2 Qc6 24. Bb2 $11) 21... dxe4 22. f4
{Für den Bauern erhält Weiß zu wenig Spiel. Vor allem steht der Sa4 viel zu
weit weg vom Geschehen.} (22. fxe4 Nxe4 {mit Bauerngewinn und sehr unsicherem
weißen König.}) 22... e6 23. c4 Rfd8 24. Rde1 Ne8 25. Nc5 Nd6 26. Qf2 f5 27.
Bb2 {[#]} Nf7 {Früher oder später kommt e5 und das schwarze
Bauernübergewicht im Zentrum wird spürbar.} 28. Bxg7 Kxg7 29. Qg3 Rd6 30. Rd1
Rad8 31. Rxd6 Rxd6 32. Qc3+ Kg8 33. Rf2 Qh5 (33... e5 $5 34. fxe5 ({Oder} 34.
Qg3 Qh5 {mit der Idee} 35. Z0 Rd1 36. Z0 Qh1#) 34... Qxg5+ $18) 34. Qh3 Qd1 35.
Qe3 e5 36. Qg3 (36. fxe5 Rg6 $1 ({Auf} 36... Nxe5 {kann Weiß vielleicht} 37.
Nxe4 fxe4 38. Qxe4 {probieren. Nach} Qg4+ 39. Qxg4 Nxg4 40. Re2 {muss Schwarz
noch etwas arbeiten.})) 36... Rg6 37. Kh2 exf4 38. Qxf4 {Weiß verwaltet eine
Ruine, die im Folgenden rasch eingerissen wird.} Qh5+ 39. Kg1 Qd1+ 40. Kh2 Qh5+
41. Kg1 Nxg5 42. Qb8+ Kg7 43. Qe5+ Kh6 44. Qf4 Qd1+ 45. Kh2 Qd4 46. b4 Kg7 47.
Qc7+ Kh8 48. Qc8+ Rg8 49. Qxf5 Nf3+ 50. Kh3 Qd6 (50... Qd6 51. Rg2 Qh6+ {
und Matt.}) 0-1

[Event "Sinquefield Cup 4th"]
[Site "Saint Louis"]
[Date "2016.08.06"]
[Round "2"]
[White "Nakamura, Hikaru"]
[Black "Giri, Anish"]
[Result "1-0"]
[WhiteElo "2791"]
[BlackElo "2769"]
[Annotator "Krasenkow,M"]
[PlyCount "119"]
[EventDate "2016.08.05"]
[EventType "tourn"]
[EventRounds "9"]
[EventCountry "USA"]
[EventCategory "22"]
[SourceTitle "CBM 174"]
[Source "ChessBase"]
[SourceDate "2016.09.13"]
[SourceVersion "1"]
[SourceVersionDate "2016.09.13"]
[SourceQuality "1"]

1. Nf3 d5 2. d4 Nf6 3. c4 e6 4. Nc3 c6 5. Bg5 dxc4 6. a4 Bb4 7. e4 Qa5 8. Bd2
c5 9. Bxc4 cxd4 10. Nxd4 O-O (10... Qc5 {- see Moiseenko - Sjugirov in CBM 139,
where the whole line was examined in detail. Here is a later game:} 11. Bb5+
Bd7 12. Nb3 Qd6 ({the immediate} 12... Qc7 $5 {may be better and deserves
serious attention}) 13. Qe2 Nc6 14. O-O O-O 15. Rfd1 Qc7 16. Rac1 a6 17. Bxc6
Bxc6 18. e5 Bxc3 19. Rxc3 Nd7 20. Re1 $14 {1-0 (73) Parligras,M (2581)
-Posedaru,B (2388) Iasi 2015}) 11. Nc2 {This move has lately become quite
popular, but it can hardly be regarded as promising.} (11. Qe2 {was played
more often in previous years:} Nbd7 (11... Nc6 12. Nxc6 bxc6 13. O-O Bb7 (13...
e5 14. Rac1 Nd7 15. Rfd1 $14 (15. Qh5 $6 Nb6 16. Bb3 Ba6 $132 {1/2 (64)
Salgado Lopez,I (2595)-Anton Guijarro,D (2403) El Sauzal 2010})) 14. Rfd1 Nd7
15. Na2 Bxd2 16. Qxd2 Qxd2 17. Rxd2 Ne5 18. Be2 c5 19. f3 Nc6 20. Rc1 Nd4 {
1-0 Sriram,J (2497)-Sundararajan,K (2516)/Mumbai 2009/CBM 133 Extra (73)} 21.
Rc3 $14) (11... Rd8 $5 12. Nb3 Qc7 13. e5 Nd5 14. O-O Nc6 15. f4 Nxc3 16. bxc3
Bf8 17. a5 Bd7 18. Kh1 Ne7 19. Nd4 Nf5 20. Bd3 Bc5 $13 {1/2 (70) Iturrizaga
Bonelli,E (2628)-Arnold,M (2529) Philadelphia 2012}) 12. Nc2 (12. O-O Ne5 13.
Ba2 Bd7 14. Nc2 Rfd8 15. Nxb4 Qxb4 16. f4 Nc6 17. e5 Nd4 $13 {0-1 (48) Edouard,
R (2636)-Inarkiev,E (2667) Barcelona 2010}) 12... Ne5 13. Ba2 (13. f4 Nxc4 14.
Qxc4 Bxc3 15. Bxc3 Qa6 16. Qxa6 bxa6 17. Bxf6 gxf6 18. O-O-O Bb7 19. Rhe1 Rfc8
20. b3 Rab8 21. Kb2 Kf8 $13 {1/2 (37) Ding,L (2547)-Yu,Y (2585) Danzhou 2010})
13... Rd8 14. O-O b6 (14... Nc6 15. Nxb4 Qxb4 16. Nd5 Qxb2 17. Rfb1 Qe5 18. Bc3
Qg5 19. Nxf6+ gxf6 20. Rb3 $44 {1-0 (31) Vitiugov,N (2733)-Chadaev,N (2577)
Taganrog 2011}) 15. Nxb4 Qxb4 16. Rfd1 (16. Bg5 a5 17. Rad1 Rxd1 18. Rxd1 Ba6
19. Qc2 {1/2 (19) Shulman,Y (2617)-Potkin,V (2682) Khanty-Mansiysk 2011}) 16...
Bb7 17. Be1 Rxd1 (17... Nxe4 18. Nd5 $1 Qxa4 19. Ne7+ Kh8 20. Bd5 Qxa1 21. Rxa1
exd5 22. f3 $16 {1-0 (29) Belous,V (2518)-Reshetnikov,A (2521) Moscow 2012})
18. Rxd1 Nxe4 19. f3 Qc5+ 20. Kh1 Nxc3 21. Bxc3 Ng6 $13) 11... Nc6 {The
simplest} (11... Qc7 12. Qe2 Be7 13. e5 Nfd7 14. f4 Nc6 15. O-O b6 16. Nb5 Qb8
17. Ncd4 Nxd4 18. Nxd4 Bc5 19. Be3 Re8 20. Rad1 a6 21. b4 $1 Bf8 22. f5 $40 {
1-0 (28) Potkin,V (2682)-Shirov,A (2714) Khanty-Mansiysk 2011}) (11... Nbd7 12.
O-O b6 $4 13. Bb5 a6 14. Bc6 Rb8 15. Nxb4 Qxb4 16. Nd5 Qd4 17. Bf4 Qxd1 18.
Ne7+ Kh8 19. Rfxd1 e5 20. Bg3 $18 {1-0 (31) Izzat,K (2480)-Schon,E (2332)
Melbourne AUS 2016}) (11... Bxc3 12. Bxc3 Qg5 13. Qe2 $6 (13. Qf3 $5) 13... e5
({why not} 13... Qxg2 {?}) 14. f3 Nh5 15. Qd2 Qxd2+ 16. Kxd2 Nc6 17. g3 Be6 18.
Bxe6 fxe6 19. Ke3 $14 {1-0 (40) Wojtaszek,R (2726)-Kempinski,R (2597) Czechia
2011}) 12. Nxb4 Qxb4 13. b3 Qe7 14. O-O Rd8 15. Re1 Ne5 $11 {Black comfortably
develops his pieces, and White's bishop pair is useless.} 16. Bf1 Bd7 {Since
Black sets his bishop on the long diagonal anyway,} (16... b6 $5 {looks more
logical:} 17. Qc2 Bb7 18. f3 Rac8 19. Be3 Bxe4 $5 (19... Nc6 20. Red1 Nd7 21.
Rac1 Nb4 22. Qb1 Nc5 23. Na2 Nxa2 24. Rxd8+ Rxd8 25. Qxa2 Nd3 26. Rd1 Nb4 27.
Rxd8+ Qxd8 28. Qd2 Qxd2 29. Bxd2 $14 {1-0 (68) Chadaev,N (2577)-Reshetnikov,A 
(2487) Moscow 2011}) (19... h6 $5) 20. fxe4 Qc7 {[%cal Re5g4,Rc7c3]} 21. Bc4 $8
Nxc4 (21... Neg4 22. g3 Nxe3 23. Rxe3 Qc5 24. Qe2 Ng4 25. Re1) 22. bxc4 Ng4 23.
g3 Qxc4 24. h3 $1 Ne5 25. Red1 $1 h5 $5 $44) 17. Qe2 Bc6 18. Bg5 (18. f3 $142
Rd3 19. Kh1 Rad8 20. Red1 {[%cal Yd2f4]}) 18... h6 19. Bh4 Ng6 20. Bg3 Rd7 $6 {
This superficial move allows White to consolidate his position, after which
his bishops gain power.} (20... Qb4 $1 21. Qc4 Qxc4 22. Bxc4 Nh5 $11) 21. f3 {
[%mdl 32]} Rad8 22. Qe3 a6 23. Rab1 Qb4 $6 {Too late. Now it is just a loss of
time.} (23... e5 $5 24. Red1 Nf4 25. Bf2 $14) 24. Rec1 e5 25. Be1 $1 Qe7 (25...
Qd4 26. Nd1 $5) 26. Na2 $1 {[%cal Ra2b4,Ye1a5]} Rd4 (26... Rc8 27. Nb4 Rd6 {
is very passive. Black is ready to sacrifice material in order to obtain
counterchances}) 27. Ba5 R8d7 28. Bc3 ({It was more appropriate to refrain
from material gains:} 28. Bb6 $5 Rd2 (28... Nxe4 $2 29. Rxc6 $1 bxc6 30. Bxd4
$18) (28... Bxe4 29. fxe4 Rxe4 30. Qc5 $18) 29. Bc5 Qe6 30. Nb4 Nf4 31. Nxc6
bxc6 32. Bb4 Ra2 33. Kh1 N6h5 34. Rd1 $14) 28... Bxe4 $2 {[%mdl 512] The wrong
sacrifice! The bishop is more precious than the knight!} (28... Nxe4 $142 $1
29. fxe4 (29. Bxd4 exd4 30. Qe1 d3 31. Rxc6 bxc6 32. Qxe4 (32. fxe4 $2 d2 33.
Qd1 Qxe4 $19) 32... Qc5+ 33. Kh1 Qc2 $1 34. Ra1 Qb2 35. Rd1 Qxa2 36. Qxc6 Qxb3
37. Qxd7 Qxd1 38. Qxd3 Qxa4 39. Qxa6 $11) 29... Rxe4 30. Qg3 h5 $44) 29. fxe4
Rxe4 30. Qa7 b5 (30... Nf4 31. Re1 $16) 31. Qxa6 {White simply collects
material. Black's attack is not too dangerous and can be parried.} Ng4 32. h3 (
32. Rb2 $5 Qc5+ $140 33. Kh1 Nf2+ 34. Rxf2 Qxf2 35. Qa8+ $18) 32... Qc5+ 33.
Kh1 Nf2+ 34. Kh2 Qe3 (34... Rh4 {[%cal Rf2g4]} 35. Be1 $1) 35. Re1 Qf4+ 36. g3
Qf5 37. Bg2 Rh4 {Desperation.} (37... Rxe1 38. Qc8+ Kh7 39. Rxe1 $18) 38. Qa8+
Kh7 39. Qf3 $2 ({The cool-blooded} 39. gxh4 Rd3 40. Rb2 {would be decisive.
After the text move White loses his whole material advantage.}) 39... Rxh3+ 40.
Kg1 Qxf3 41. Bxf3 Nd3 $2 {A wrong retreat.} (41... Ng4 $1 42. Bxg4 Rxg3+ 43.
Kf2 Rxg4 {, and Black should not lose.}) 42. Re3 $1 Rxg3+ 43. Kh2 Rxf3 {
This is insufficient. White consolidates his position and converts his extra
rook. But in case of} (43... Rg5 {[%csl Rg5] this rook is out of play, and
after} 44. Rd1 Nc5 45. Rxd7 Nxd7 46. a5 {White's a-pawn decides the game.}) 44.
Rxf3 bxa4 45. bxa4 e4 46. Rf5 Nh4 47. Rfb5 Nf4 48. R5b4 Rd3 ({Or} 48... Nf3+
49. Kg3 Ne2+ (49... Nh5+ 50. Kf2 Ng5 51. a5) 50. Kf2 Nxc3 51. Nxc3 f5 52. a5 {
, and White should gradually win.}) 49. Rxe4 g5 50. Rxf4 gxf4 51. Rf1 Nf3+ 52.
Kh1 Kg6 53. a5 Kf5 54. a6 Ng5 55. a7 Rh3+ 56. Kg1 Rg3+ 57. Kf2 Ne4+ 58. Ke1 Rg8
59. Bd4 Kg4 60. Be5 $1 1-0

[Event "Sinquefield Cup 4th"]
[Site "Saint Louis"]
[Date "2016.08.14"]
[Round "9"]
[White "Nakamura, Hikaru"]
[Black "Ding, Liren"]
[Result "1-0"]
[WhiteElo "2791"]
[BlackElo "2755"]
[Annotator "Szabo,Kr"]
[PlyCount "55"]
[EventDate "2016.08.05"]
[EventType "tourn"]
[EventRounds "9"]
[EventCountry "USA"]
[EventCategory "22"]
[SourceTitle "CBM 174"]
[Source "ChessBase"]
[SourceDate "2016.09.13"]
[SourceVersion "1"]
[SourceVersionDate "2016.09.13"]
[SourceQuality "1"]

1. d4 d5 2. c4 c6 3. Nf3 Nf6 4. Nc3 e6 5. Bg5 h6 6. Bh4 dxc4 7. e4 g5 8. Bg3 b5
9. Be2 Bb7 10. h4 g4 11. Ne5 Nbd7 12. Nxd7 (12. Bxg4 {is the other main
continuation.}) 12... Qxd7 13. Be5 Qe7 14. b3 cxb3 15. axb3 a6 {Usually Black
plays this defensive move, because after d5 the b5-pawn won't be takeable
immediately.} (15... Bg7 {is more popular, for example:} 16. O-O O-O 17. Bxg4
c5 18. Nxb5 Rfd8 19. Bf3 cxd4 $13 {Werle-Van Wely, London 2008, with a
complicated middlegame.}) 16. Qc1 $146 {This is the novelty of the game.} (16.
O-O {has been tried before} h5 17. Re1 Bg7 18. d5 O-O 19. d6 Qd8 20. b4 (20.
Bd3 $5) 20... Bh6 21. Bg3 $44 {Tregubov-Motylev, Krasnoyarsk 2007, with nice
compensation for the pawn.}) 16... Rg8 17. O-O Nh5 ({In the event of} 17... Nd7
{White can simply play} 18. Bg3 {.}) 18. d5 $1 {The best reply, Black's king
is in the middle, so White wants to open the files.} Qxh4 $2 {The decisive
mistake! Black wants to push ...g3, but the queen is out of play, White gets a
strong attack!} ({In the event of} 18... exd5 19. exd5 Qxe5 20. Re1 $1 Be7 21.
Bxb5 $40 {White has a strong attack}) ({, but} 18... f6 $1 19. Bh2 cxd5 20.
exd5 (20. Nxb5 Rc8) 20... Kf7 21. Re1 Rc8 22. dxe6+ Kg7 23. Bxg4 Kh8 $1 $132 {
and suddenly Black's king is safe, the position becomes very complicated.}) 19.
g3 $1 {A very important move. White avoids ...g3 with tempo.} (19. dxc6 $4 {
is losing immediately, because of} g3 $1 $19) ({and} 19. dxe6 $2 {is also bad,
as} Qg5 $1 {and Black is safe.}) 19... Qg5 20. dxc6 $1 Qxe5 (20... Qxc1 $2 {
loses because of} 21. cxb7 $18) ({and} 20... Bxc6 {could have been met by} 21.
Nxb5 $1 Qxc1 22. Nc7+ Kd7 23. Raxc1 $18 {and Black has to resign.}) 21. cxb7
Rb8 22. Nd5 $1 {What a wonderful tactical blow! He opens the c-file for the
queen, so White is threatening Qc8.} ({The similar looking} 22. Nxb5 $4 {
is a big blunder, because of} Bc5 $1 $19 {and suddenly Black is the one who
wins!}) 22... exd5 $6 {Loses immediately, but Black's position was already bad.
} (22... f6 {was tougher, but} 23. Rxa6 Kf7 24. Qc7+ Qxc7 25. Nxc7 Rxb7 26.
Nxe6 $18 {is also winning for White.}) 23. Qc8+ Ke7 24. Rxa6 Nxg3 $1 {Still
the best practical chance.} ({If} 24... Bg7 25. Qc5+ $18 {and mate soon.}) 25.
Bxb5 $1 {Again the stronger move!} Ne2+ 26. Bxe2 f6 27. Re6+ Qxe6 28. Qxb8 {
What a brilliant game by Nakamura!} 1-0

[Event "Saint Louis Showdown 60m"]
[Site "Saint Louis"]
[Date "2016.11.11"]
[Round "3"]
[White "Nakamura, Hikaru"]
[Black "Topalov, Veselin"]
[Result "1-0"]
[WhiteElo "2779"]
[BlackElo "2760"]
[PlyCount "27"]
[EventDate "2016.11.10"]
[EventType "tourn"]
[EventRounds "6"]
[EventCountry "USA"]
[EventCategory "22"]
[SourceTitle "CBM 176"]
[Source "ChessBase"]
[SourceDate "2017.01.17"]
[SourceVersion "1"]
[SourceVersionDate "2017.01.17"]
[SourceQuality "1"]

1. d4 Nf6 2. c4 e6 3. Nc3 Bb4 4. Qc2 d5 5. cxd5 exd5 6. Bg5 h6 7. Bh4 c5 8.
dxc5 g5 9. Bg3 Ne4 10. e3 Bf5 11. Bxb8 Nxc3 12. Qxf5 Ne4+ 13. Ke2 Qxb8 14. Qxd5
1-0